| 000 | 00586nam a2200193Ia 4500 | ||
|---|---|---|---|
| 001 | 17313 | ||
| 003 | GE_BSU | ||
| 008 | 181216s||||||||xx |||||||||||||| ||und|| | ||
| 040 | _cGE_BSU | ||
| 080 | _a821.353.1-2 82 | ||
| 100 | _aნახუცრიშვილი,გ. | ||
| 245 | _aცეცხლის ხაზზე : პიესა 4 მოქმედებად და 8 სურათად | ||
| 260 | _aთბილისი | ||
| 260 | _bხელოვნება | ||
| 260 | _c1955 | ||
| 300 | _a76გვ. ; 20სმ.. | ||
| 653 | _aპიესა | ||
| 942 | _cBK | ||
| 999 |
_c50372 _d50372 |
||